|
|
|
|
| LEADER |
00811nam a22002412a 4500 |
| 001 |
001121888 |
| 003 |
CZ BrMZK |
| 005 |
20110427121323.0 |
| 007 |
ta |
| 008 |
101013s1981 xo er|||||||||||slo d |
| 040 |
|
|
|a BOA001
|b cze
|
| 080 |
9 |
|
|a 374.7:061.2(437.6)
|
| 100 |
1 |
|
|a Zeman, Martin
|4 aut
|
| 245 |
1 |
0 |
|a Ľudové univerzity a akadémie (osnovy cyklov) 1982-1983 /
|c zostavil Martin Zeman
|
| 260 |
|
|
|a Bratislava :
|b Slovenský ústredný výbor Socialistickej akadémie ČSSR,
|c 1981
|
| 300 |
|
|
|a 63 s.
|
| 490 |
1 |
|
|a Študijné materiály pre lektorov ;
|v 48
|
| 500 |
|
|
|a Metodické pomôcky
|
| 830 |
|
0 |
|a Študijné materiály pre lektorov
|
| 910 |
|
|
|a BOA001
|b 2-0844.719
|
| 990 |
|
|
|a BK
|
| 991 |
|
|
|b 201010
|
| 996 |
7 |
|
|b 2619359890
|c 2-0844.719
|l MZK
|r Sklad / do 1 hodiny
|n 0
|w 001150106
|u 000010
|a 1
|e BOA001
|j MZK50
|s A
|